000 00291nam a22001337a 4500
008 180307b xxu||||| |||| 00| 0 eng d
020 _a9780049101203
041 _aeng
080 _a91
100 _a42
101 _aGJEO
245 _aCollapsing space& time
_cBrunn,S.D
942 _2udc
_cBK
999 _c44286
_d44286